[Event "Valladolid Piolin CC op 5th"]
[Site "Valladolid"]
[Date "2012.08.09"]
[Round "2"]
[White "Olmedo Cerrato, Javier"]
[Black "Villamanan Alonso, Carlos"]
[Result "0-1"]
[WhiteElo "1462"]
[BlackElo "1809"]
[PlyCount "68"]
[EventDate "2012.08.06"]
[EventType "swiss"]
[EventRounds "8"]
[EventCountry "ESP"]
[SourceTitle "EXT 2014"]
[Source "ChessBase"]
[SourceDate "2013.11.20"]
[SourceVersion "1"]
[SourceVersionDate "2013.11.20"]
[SourceQuality "1"]

1. c4 Nf6 2. Nc3 g6 3. Nf3 Bg7 4. d4 d5 5. c5 0-0 6. e3 b6 7. b4 a5 8. b5 c6 9. Ba3 bxc5 10. Bxc5 cxb5 11. Bxb5 Ba6 12. Qb3 Nbd7 13. Bxa6 Nxc5 14. dxc5 Rxa6 15. 0-0 Ne4 16. Nxd5 Bxa1 17. Rxa1 e6 18. Nf4 Nxc5 19. Qc4 Qd6 20. Rb1 Rd8 21. h3 e5 22. Ne2 Rc6 23. Ng5 Ne6 24. Qh4 Nxg5 25. Qxg5 Rdc8 26. Qg4 Qd3 27. Rb7 f5 28. Qh4 R6c7 29. Rb6 Qxe2 30. Qf6 Qxa2 31. Qxe5 Qf7 32. Rf6 Rc5 33. Qd6 Rc1+ 34. Kh2 Qc7 0-1